000
00311nam a2200121 a 4500
005
20140414093838.0
008
110322s19uu xx uuu eng d
050
_a
CT
_b
MAG 1987
245
_a
Magkabilaan /
_c
Joey Ayala.
260
_a
Philippines :
_b
Universal Records,
_c
1987.
942
_c
AVM
999
_c
109149
_d
109149